000 01258nam a22003617a 4500
003 CHAP
005 20220329134633.0
008 971013s1953 r 00010 d
010 _a23398
011 _a24370
035 _a28469
040 _cCHAP
082 _a332.71
_bC43
100 0 0 _aChávez Orozco, Luis
_ecomp.
_922749
245 _aFrancisco García
_b: su ley desamortizadora y de crédito agrícola, 1829
260 _aMéxico, D.F. :
_bBanco Nacional de Crédito Agrícola y Ganadero,
_c(1953)
300 _a28 h
490 _aPublicaciones
_v; 2
500 _aMimeógrafo
590 _aBATCH-UPD
_b10
_c20130110
_lUCH01
_h0111
590 _aBATCH-UPD
_b10
_c20130110
_lUCH01
_h2228
590 _aBATCH-UPD
_b10
_c20130409
_lUCH01
_h2102
590 _aBATCH-UPD
_b10
_c20130410
_lUCH01
_h1524
590 _aBATCH-UPD
_b10
_c20130914
_lUCH01
_h0927
590 _aCONVERSION
_b10
_c20130109
_lUCH01
_h1314
650 1 4 _aCrédito agrícola
_xLeyes.
_929064
830 0 _aPublicaciones
_v; 2
_992668
901 _aBK
942 _cLIBRO
949 _a332.71 C43
_bBC
_cLIBRO
_d-65668
_eLIBRO
_i28469
_mD
_si
949 _a332.71 C43
_bBC
_cLIBRO
_d-65669
_eLIBRO
_fc.2
_h42089
_i28469
_mD
_si
949 _a332.71 C43
_bBC
_cLIBRO
_d-65670
_eLIBRO
_fc.3
_h42090
_i28469
_mD
_si
999 _c23398
_d23398